Responses for show #4632 - Tuesday, October 26, 2004

Ken Jennings game 60.

Contestants

[<< previous game]

Mary Carpenter, an engineer from Bear, Delaware

Jeff Matthews, a managing copy editor from Los Angeles, California

Ken Jennings, a software engineer from Salt Lake City, Utah (whose 59-day cash winnings total $2,006,300)

[next game >>]

Jeopardy! Round responses

NONFICTION
WOMEN IN SPORTS
"B"EOPLE
1959
ARTS & CRAFTS
PROVERBIALLY SPEAKING
    $200 19
Bill Clinton

Jeff
    $200 26
Venus & Serena Williams

Ken
    $200 11
Ed Bradley

Ken
    $200 1
Thanksgiving

Jeff
    $200 16
(Ken: What's a map?)

a border

Ken
Triple Stumper
    $200 2
spring

Ken
    $400 22
Nixon

Jeff
    $400 27
Sheryl Swoopes

Triple Stumper
    $400 12
Boomer

Mary
    $400 3
LBJ

Ken
    $400 17
dyeing

Mary
    $400 7
absence

Jeff
    $600 23
Onassis

Ken
    $600 28
(Jeff: Who is... No.)

Dorothy Hamill

Jeff
Triple Stumper
    $1,000 13
(Mary: Who is Jeb Bush?)

George W. Bush (when he was governor of Texas)

Mary
    $600 4
Li'l Abner

Ken
    $600 18
a mosaic

Ken
    $600 8
a broom

Mary
    $800 24
(Jeff: What is Parenting?)

Baby and Child Care

KenJeff
    $800 29
golf

Triple Stumper
    $800 14
Joe Biden

Mary
    $800 5
(Mary: What is latex?)

Lycra

Mary
Triple Stumper
    $800 20
(Ken: What is tie-dye?)

silkscreening

KenJeff
    $800 9
cowards

Ken
    $1000 25
Richard Clarke

Triple Stumper
    $1000 30
Kerri Strug

Ken
    $1000 15
Jane Byrne

Triple Stumper
    $1000 6
(G√ľnter) Grass

Jeff
    $1000 21
solder

Ken
    $1000 10
hope

Triple Stumper

Scores at the first commercial break (after clue 15):

Ken Jeff Mary
$2,200 $1,600 $0

Scores at the end of the Jeopardy! Round:

Ken Jeff Mary
$5,400 $1,600 $400

Double Jeopardy! Round responses

ISLANDS
A HIT TWICE
U.S. MILITARY MEN
BEER BRANDS
AROUND THE BODY
O FOR A
(Alex: Each correct response will be two words that are exactly the same, except that in the first word, there will be one letter that will be different from that letter in the same position in the second word.)
    $400 16
bungee jumping

Ken
    $400 21
(Ken: Who are Cheech & Chong?)

The Blues Brothers

Ken
Triple Stumper
    $400 30
MacArthur

Ken
    $400 1
Coors

Ken
    $400 11
blinking

Jeff
    $400 6
molt for malt

Ken
    $800 17
Singapore

Ken
    $800 26
"Light My Fire"

Jeff
    $800 22
D-Day

Ken
    $800 2
(Jeff: What's, um... Cerveza? That's not it.)
...
(Alex: Cerveza means "beer.")

Corona

KenJeff
    $800 12
the mouth

Ken
    $800 7
a notion for a nation

Jeff
    $1200 18
(Ken: What is Curacao?)
(Mary: What is Greenland?)

Aruba

KenMary
Triple Stumper
    $1200 27
John Williams

Jeff
    $1200 23
Tommy Franks

Ken
    $1200 3
(Mary: What is Amstel?)

Heineken

Mary
Triple Stumper
    $1200 13
hemophilia

Jeff
    $1200 8
boil for bail

Mary
    $1600 19
the Bahamas

Triple Stumper
    $1600 28
"Rockin' Robin"

Triple Stumper
    $1600 24
Pershing

Ken
    $400 4
Sapporo

Ken
    $1600 14
(Ken: What are nails?)
(Mary: What are nerves?)

tendons

KenMary
Triple Stumper
    $1600 9
the cost for the cast

Jeff
    $2000 20
the Gulf of Bothnia

Ken
    $2000 29
The Marvelettes & The Carpenters

Triple Stumper
    $4,000 25
Zachary Taylor

Ken
    $2000 5
St. Pauli Girl

Jeff
    $2000 15
the pons

Ken
    $2000 10
grovel for gravel

Jeff

Scores at the end of the Double Jeopardy! Round:

Ken Jeff Mary
$18,200 $10,800 -$2,400

[wagering suggestions for these scores]

Final Jeopardy! Round responses

AUTHORS
(Alex: He picked [*]. Were you thinking of The Lord of the Rings and all of that stuff?)
(Ken: I guess.)
(Alex: Yeah, well, that's a good way to think--because you're right.)
(Ken: [Gasps])
...
(Alex: The great thing about Ken Jennings, ladies and gentlemen, is if he's not sure, he figures it out and makes an intelligent guess, and so far it has worked. Will it work again tomorrow? Join us then.)
JeffWho is Irving?
$5,300
KenWho is Tolkien?
$6,800
J.R.R. Tolkien

Final scores:

Ken Jeff Mary
$25,000 $5,500 -$2,400
60-day champion: $2,031,300 2nd place: $2,000 3rd place: $1,000

Game dynamics:

Coryat scores:

Ken Jeff Mary
$17,400 $10,800 -$1,400
25 R
(including 2 DDs),
5 W
14 R,
3 W
5 R,
5 W
(including 1 DD)

Combined Coryat: $26,800

The J! Archive is created by fans, for fans. The Jeopardy! game show and all elements thereof, including but not limited to copyright and trademark thereto, are the property of Jeopardy Productions, Inc. and are protected under law. This website is not affiliated with, sponsored by, or operated by Jeopardy Productions, Inc. Join the discussion at JBoard.tv.